متعلقا ت فکشن (Record no. 185121)

MARC details
000 -LEADER
fixed length control field 00647nam a22001937a 4500
005 - DATE AND TIME OF LATEST TRANSACTION
control field 20220128120218.0
010 ## - LCCN (DPL NO)
LC control number UR-11412
020 ## - INTERNATIONAL STANDARD BOOK NUMBER
Terms of availability 278.00
International Standard Book Number 9789387829008
035 ## - SYSTEM CONTROL NUMBER
System control number U-9967
037 ## - SOURCE OF ACQUISITION
Source of stock number/acquisition DBAD/PUB
Stock number dpl
082 ## - DEWEY DECIMAL CLASSIFICATION NUMBER
Classification number 843.8
100 ## - MAIN ENTRY--PERSONAL NAME
Personal name ا يم عظيم ا للہ
245 ## - TITLE STATEMENT
Title متعلقا ت فکشن
Statement of responsibility, etc ا يم عظيم ا للہ
246 ## - VARYING FORM OF TITLE
Remainder of title ‏Motalleqat-e-Fiction (Urdu)
Title proper/short title by M.Azeemullah
260 ## - PUBLICATION, DISTRIBUTION, ETC. (IMPRINT)
Place of publication, distribution, etc Delhi
Name of publisher, distributor, etc Educational Publishing House
Date of publication, distribution, etc 2017 ء
270 ## - ADDRESS
Address 3191,Vakil Street,Kucha Pandit,Lal Kuan,
City Delhi
Postal code 110006
Telephone number 23216162
Fax number -
300 ## - PHYSICAL DESCRIPTION
Extent 472 ص
Dimensions 22 Cm(Hb)
942 ## - ADDED ENTRY ELEMENTS (KOHA)
Source of classification or shelving scheme Dewey Decimal Classification
Item type Urdu Bks
Classification part 843.8
Call number suffix ا ي م
Holdings
Withdrawn status Lost status Not for loan Collection code Home library Current library Date acquired Source of acquisition Cost, normal purchase price Full call number Barcode Copy number Cost, replacement price Koha item type
    Not For Loan Non-fiction D.B.Act.Division Central Library 28/01/2022 DBAD/PUB 278.00 843.8 ا ي م U-9967 1 278.00 Urdu Bks

© Delhi Public Library
Hit Counter
free hit counter